Business communication. / (Record no. 1483)
[ view plain ]
| 000 -LEADER | |
|---|---|
| fixed length control field | 01249nam a22002177a 4500 |
| 005 - DATE AND TIME OF LATEST TRANSACTION | |
| control field | 20210414114029.0 |
| 008 - FIXED-LENGTH DATA ELEMENTS--GENERAL INFORMATION | |
| fixed length control field | 120620t xxu||||| |||| 00| 0 eng d |
| 020 ## - INTERNATIONAL STANDARD BOOK NUMBER | |
| International Standard Book Number | 0324225202 |
| 050 ## - LIBRARY OF CONGRESS CALL NUMBER | |
| Classification number | HF5721.L46 |
| 100 ## - MAIN ENTRY--PERSONAL NAME | |
| Personal name | Lehman, Carol M. |
| 245 ## - TITLE STATEMENT | |
| Title | Business communication. / |
| Statement of responsibility, etc. | Carol M. Lehman and Debbie D. Dufrene |
| 250 ## - EDITION STATEMENT | |
| Edition statement | 13th edition |
| 260 ## - PUBLICATION, DISTRIBUTION, ETC. | |
| Place of publication, distribution, etc. | Australia: |
| Name of publisher, distributor, etc. | South-Western, |
| Date of publication, distribution, etc. | 2002. |
| 300 ## - PHYSICAL DESCRIPTION | |
| Extent | xv,612p.: |
| Other physical details | ill.; |
| Dimensions | 25 cm. |
| 500 ## - GENERAL NOTE | |
| General note | Includes index. |
| 505 ## - FORMATTED CONTENTS NOTE | |
| Formatted contents note | Contents: Establishing a framework for business communication -- Focusing on interpersonal and group communication -- Planning spoken and written messages -- Communicating electronically -- Delivering good-and neautral-news messages -- Delivering bad-news messages -- Delivering persuasive messages -- Understanding the report process and research methods -- Delivering good and neautral news messages -- Organizing and preparing reports and proposals -- Designing and delivering business presentations -- Preparing resumes and application letters -- Interview for a job and preparing employment -- Appendices. |
| 650 ## - SUBJECT ADDED ENTRY--TOPICAL TERM | |
| Topical term or geographic name entry element | Commercial correspondence |
| General subdivision | Business report writing |
| 650 ## - SUBJECT ADDED ENTRY--TOPICAL TERM | |
| Topical term or geographic name entry element | Business communication |
| 700 ## - ADDED ENTRY--PERSONAL NAME | |
| Personal name | Dufrene, Debbie D. |
| 942 ## - ADDED ENTRY ELEMENTS (KOHA) | |
| Source of classification or shelving scheme | Library of Congress Classification |
| Koha item type | Books |
| Withdrawn status | Lost status | Source of classification or shelving scheme | Damaged status | Not for loan | Home library | Current library | Shelving location | Date acquired | Total Checkouts | Full call number | Barcode | Date last seen | Copy number | Price effective from | Koha item type |
|---|---|---|---|---|---|---|---|---|---|---|---|---|---|---|---|
| Library of Congress Classification | WISCONSIN INTERNATIONAL UNIVERSITY COLLEGE, GHANA - MAIN LIBRARY | WISCONSIN INTERNATIONAL UNIVERSITY COLLEGE, GHANA - MAIN LIBRARY | General Stacks | 20/06/2012 | HF5721.L46 | 3685/12 | 20/06/2012 | 1 | 20/06/2012 | Books | |||||
| Library of Congress Classification | WISCONSIN INTERNATIONAL UNIVERSITY COLLEGE, GHANA - MAIN LIBRARY | WISCONSIN INTERNATIONAL UNIVERSITY COLLEGE, GHANA - MAIN LIBRARY | General Stacks | 20/06/2012 | HF5721.L461 | 3686/12 | 20/06/2012 | 2 | 20/06/2012 | Books |
